00635nam a2200253Ia 4500008004100000020001500041100001600056245001800072245001900090260001500109260002000124260000900144300002700153300002700180300001000207500006700217650001400284650002000298650001600318650001300334650001300347650001300360700000800373160803s9999 xx 000 0 und d a059062198X aLionni, Leo aIt's mine! /  cby Leo Lionni. aNew York : bScholastic Inc. c1986 a29 unnumbered pages :  bcolor illustrations ;  c29 cm aOriginally published: New York : Alfred A. Knopf, Inc., c1986. aFrogs --  aSelfishness --  aSharing --  xFiction. xFiction. xFiction. a470